|
|
|
|
| LEADER |
00000nam0a2200000 4500 |
| 001 |
287159 |
| 005 |
20231101235948.0 |
| 035 |
|
|
|a (RuTPU)RU\TPU\book\311536
|
| 090 |
|
|
|a 287159
|
| 100 |
|
|
|a 20150313d1985 k y0rusy50 ca
|
| 101 |
0 |
|
|a rus
|
| 102 |
|
|
|a RU
|
| 105 |
|
|
|a a z 001zy
|
| 200 |
1 |
|
|a Методы оценки штампуемости листового металла
|f А. Ю. Аверкиев
|
| 210 |
|
|
|a Москва
|c Машиностроение
|d 1985
|
| 215 |
|
|
|a 175 с.
|c ил.
|
| 320 |
|
|
|a Библиогр.: с. 170-173
|
| 606 |
|
|
|a Штамповка металлов, листовая
|x Точность
|2 stltpush
|3 (RuTPU)RU\TPU\subj\19466
|9 44704
|
| 610 |
1 |
|
|a листовой прокат
|
| 610 |
1 |
|
|a технический контроль
|
| 610 |
1 |
|
|a металлы
|
| 610 |
1 |
|
|a характеристики
|
| 610 |
1 |
|
|a применение
|
| 610 |
1 |
|
|a оценка
|
| 610 |
1 |
|
|a глубокая вытяжка
|
| 610 |
1 |
|
|a штампуемость
|
| 610 |
1 |
|
|a цилиндрические детали
|
| 610 |
1 |
|
|a формоизменение
|
| 675 |
|
|
|a 621.983
|v 3
|
| 700 |
|
1 |
|a Аверкиев
|b А. Ю.
|g Александр Юрьевич
|
| 801 |
|
1 |
|a RU
|b 63413507
|c 20150313
|
| 801 |
|
2 |
|a RU
|b 63413507
|c 20180112
|g RCR
|
| 942 |
|
|
|c BK
|